000 00814nam a2200277 a 4500
008
020 _a0321034376 (pbk.)
049 _aMAIN
090 _aPN4784
_bFRI
100 1 _aFriedlander, Edward Jay
245 1 0 _aFeature writing for newspapers and magazines :
_bthe pursuit of excellence /
_cEdward Jay Friedlander and John Lee.
250 _a4th ed.
260 _aNew York :
_bLongman,
_cc1999.
300 _axiii, 338 p. ;
_c24 cm.
500 _aIncludes index.
504 _aIncludes bibliographical references.
650 0 _aFeature writing.
650 _aMedia.
650 _aJournalism.
700 _aLee John.
907 _a.b10299749
_b21-10-13
_c11-07-11
003
005 20230123125319.0
040 _cNUST
942 _cBOOKS
_kPN4784
_mFRI
999 _c139400
_d139400